000 00416nam a22001697a 4500
005 20260323151727.0
008 260323b |||||||| |||| 00| 0 eng d
020 _a978-81-19364-80-0
100 _aMARIKANI A.
245 _aENGINEERING PHYSICS
250 _a4TH ED.
260 _aNEW DELHI
_bPHI LEARNING
_c2025
300 _aXVII,289P.
500 _aINCLUDES AN INDEX
650 _aPHYSICS
942 _2lcc
_cBK
999 _c216861
_d216861